000 01021cam a22002891 4500
001 sa 68004841
003 DLC
005 20260227112504.0
008 711108r1967 ii 000 0 eng
010 _asa 68004841
025 _aPL480:I-E-8176
040 _aDLC
_cDLC
_dDLC
043 _aa-ii---
050 0 0 _aHC435.2
_b.H55
082 0 0 _a338.954
110 2 _aHindustan Motors, ltd.
_bDepartment of Economic and Market Research.
245 1 0 _aEconomic policies and programmes in India: some observations.
260 _aCalcutta
_c[1967]
300 _a68 p.
_c24 cm.
350 _aRs6
_a$1.25
490 0 _aIts Publications, 2
500 _a"Nine essays written by Dr. N. Das ... and ... his colleagues in the Department of Economic and Market Research."
500 _a"Originally published in Amrita bazar patrika ... Capital ... The Times of India ... and The Hindustan times."
651 0 _aIndia
_xEconomic policy.
651 0 _aIndia
_xEconomic policy
_y1966-1974.
700 1 _aDas, Nabagopal,
_d1910-
999 _c80381
_d80381